| 000 | 00437nam a2200157 4500 | ||
|---|---|---|---|
| 008 | 0 1997 0a 000 0MEX | ||
| 020 | _a970-10-1211-9 | ||
| 050 | _aQC532 S4718 1997 | ||
| 082 | _a537 S767e | ||
| 100 | _aSerway, Raymond A. | ||
| 245 | _aElectricidad y magnetismo / Raymond A. Serway | ||
| 250 | _a3 | ||
| 260 | _aMéxico : McGraw Hill | ||
| 300 | _axii, 296 p. / 28 cm. | ||
| 650 | _a1.ELECTRICIDAD Y MAGNETISMO | ||
| 999 |
_c19407 _d19407 |
||